00955naa a2200145 a 450000100080000000500110000800800410001910000180006024500500007826000090012852005690013765300130070665300260071977300640074511271352018-02-22 2017 bl uuuu u00u1 u #d1 aARAUJO, L. A. aApenas um raio de sol.h[electronic resource] c2017 aA proximidade do in??cio da terceira d??cada do S??culo 21 estimula algumas reflex??es sobre os desafios da pr??tica da gest??o dos agroneg??cios e da agricultura familiar de Santa Catarina. Duas perguntas s??o decisivas para quem faz a pr??tica da gest??o: eles est??o modificando seu estabelecimento agropecu??rio t??o r??pido como o mundo ao seu redor?; e, eles est??o concebendo um agroneg??cio e agricultura familiar envolvente, que inspire a todos dar o melhor de si? Infelizmente, a resposta a essas quest??es deixa de ser positiva para muitos agricultores. adesafios ainova????o em gest??o tBoletim Agropecu??rio, Florian??polisgn. 54, p. 7-8, 2017.